Falseamientos de la experiencia histórica de la gran revolución de octubre
Сохранить в:
| Главный автор: | |
|---|---|
| Формат: | Текст |
| Опубликовано: |
Moscú:
Editorial de la agencia de Prensa Novosti
|
| Метки: |
Добавить метку
Нет меток, Требуется 1-ая метка записи!
|
MARC
| LEADER | 00000 a a2200000 04500 | ||
|---|---|---|---|
| 001 | 24435 | ||
| 003 | |||
| 040 | |||
| 090 | |a 175300 | ||
| 100 | |a Vasetski, Nicolai | ||
| 245 | |a Falseamientos de la experiencia histórica de la gran revolución de octubre | ||
| 260 | |a Moscú: |b Editorial de la agencia de Prensa Novosti | ||
| 300 | |a 57 p | ||
| 999 | |c 10551 |d 10551 | ||
